Представление документа в формате MARC21

Поле Инд. ПП Название Значение
Тип записи a
Библиографический уровень m
001 Контрольный номер RU/IS/BASE/264546969
005 Дата корректировки 20250321134858.0
008 Кодируемые данные 19971112
040 00 e Правила каталог. Л.М. 971112
084 a Индекс другой классификации/Индекс ББК 84(2=411.2)5-44
090 00 a Полочн. индекс Списана
097 00 a 210
100 10 a Автор Степняк-Кравчинский С. М.
q Полное имя Степняк-Кравчинский Сергей Михайлович
245 00 a Заглавие Андрей Кожухов
b Продолж. заглавия роман
c Ответственность послесловие Д. Юрева
260 00 a Место издания Москва
b Издательство Художественная литература
c Дата издания 1950
300 00 a Объем 342 с.
336 a Термин вида содержания Текст
337 a Термин типа средства непосредственный
650 04 a Основная рубрика художественная литература
653 00 a Ключевые слова XIX век
a Ключевые слова Россия
a Ключевые слова русская литература
655 00 a Жанр/ форма (устаревшее) проза
a Жанр/ форма (устаревшее) роман
700 10 a Автор Юрев Д.
e Роль лиц автор послесловия
787 18 w Контрольный номер связываемой записи RU/IS/BASE/264546968
w Контрольный номер связываемой записи RU/IS/BASE/264546971
w Контрольный номер связываемой записи RU/IS/BASE/264546972
901 t Тип документа m
952 a Тип литературы для КСУ ВШ ЛХИ